| 000 | 01083cam a22003498i 4500 | ||
|---|---|---|---|
| 001 | 19754223 | ||
| 003 | OSt | ||
| 005 | 20230622085548.0 | ||
| 008 | 170622s2018 enk b 000 0 eng | ||
| 010 | _a 2017030217 | ||
| 020 | _a9781292172354 (print) | ||
| 020 | _z9781292172392 (pdf) | ||
| 020 | _z9781292172361 (epub) | ||
| 022 | _a9781292172354 | ||
| 040 |
_aDLC _beng _erda _cDLC |
||
| 042 | _apcc | ||
| 050 | 0 | 0 |
_aG155.A1 _bF57 2018 |
| 082 | 0 | 0 |
_a910 _223 |
| 100 | 1 |
_aFletcher, John _q(John Edward) |
|
| 245 | 1 | 0 |
_aTourism : _bprinciples and practice / _cJohn Fletcher, Alan Fyall, David Gilbert, Stephen Wanhill. |
| 250 | _aSixth edition. | ||
| 263 | _a1707 | ||
| 264 | 1 |
_aHarlow, United Kingdom : _bPearson, _c2018. |
|
| 300 | _apages cm | ||
| 336 |
_atext _btxt _2rdacontent |
||
| 337 |
_aunmediated _bn _2rdamedia |
||
| 338 |
_avolume _bnc _2rdacarrier |
||
| 650 | 0 | _aTourism. | |
| 906 |
_a7 _bcbc _corignew _d1 _eecip _f20 _gy-gencatlg |
||
| 942 |
_2lcc _cBOOKS _hG 155 .A1F57 2018 |
||
| 999 |
_c31619 _d31619 |
||